000
00283nam a22001337a 4500
008
180308b xxu||||| |||| 00| 0 eng d
020
_a
9780964843011
041
_a
eng
080
_a
34
100
_a
14
101
_a
SHJ
245
_a
Equine Law
_c
Fershtman,J.I
942
_2
udc
_c
BK
999
_c
44370
_d
44370